00000000nam 2200000za 4500
0019.573070
003CaOODSP
00520221107134029
007cr |||||||||||
008150406s2000    onc|||||o    f00| 0 eng d
040 |aCaOODSP|beng
043 |an-cn---
0861 |aM22-132/15-2000E-PDF
1101 |aCanada. |bNatural Resources Canada.
24510|aTradeable Permits Working Group summary report |h[electronic resource]
24617|aTPWG options paper.|nPart 1,|pThe summary report
260 |aOttawa : |bThe Working Group,|c2000.
300 |a28p.|btable
500 |a"Draft: 16 March 2000".
590 |a12-10-Supp|b2012-03-23
7102 |aNational Climate Change Secretariat (Canada).|bTradeable Permits Working Group.
77508|tGroupe de travail sur les permis échangeables, rapport sommaire |w(CaOODSP)9.603301
7760#|tTradeable Permits Working Group: summary report / |w(CaOODSP)9.615208
85640|ahttp://publications.gc.ca|qPDF|s99 KB|uhttps://publications.gc.ca/collections/Collection/M22-132-15-2000E.pdf